000 00275nam a2200109Ia 4500
008 240521s1999 xx 000 0 und d
041 _aeng
100 _aBANZ H.
245 _aBUILDING CONSTRUCTION DETAILS.
260 _bC.B.S. PUBLISERS 8D DELHI- 32
_c1999
300 _a272
999 _c1157821
_d1157821